Low-speed aerodynamics : (Record no. 6121)

MARC details
000 -LEADER
fixed length control field 00812nac a22002291u 4500
010 ## - LIBRARY OF CONGRESS CONTROL NUMBER
LC control number 90038041
020 ## - INTERNATIONAL STANDARD BOOK NUMBER
International Standard Book Number 0070504466 :
022 ## - INTERNATIONAL STANDARD SERIAL NUMBER
International Standard Serial Number 0071008764 [International ed.]
082 00 - DEWEY DECIMAL CLASSIFICATION NUMBER
Classification number 629.1323
Item number KAT
090 ## - LOCALLY ASSIGNED LC-TYPE CALL NUMBER (OCLC); LOCAL CALL NUMBER (OCLC)
-- 6121
-- 6121
100 ## - MAIN ENTRY--PERSONAL NAME
Personal name Katz, Joseph,
245 10 - TITLE STATEMENT
Title Low-speed aerodynamics :
Remainder of title from wing theory to panel methods /
Statement of responsibility, etc Joseph Katz, Allen Plotkin.
260 ## - PUBLICATION, DISTRIBUTION, ETC. (IMPRINT)
Place of publication, distribution, etc New York :
Name of publisher, distributor, etc McGraw-Hill,c1991.
Date of publication, distribution, etc c1991.
300 ## - PHYSICAL DESCRIPTION
Extent xv, 632 p. :
Other physical details ill. ;
Dimensions 25 cm.
440 #0 -
-- McGraw-Hill series in aeronautical and aerospace engineering
500 ## - GENERAL NOTE
General note Distributer: Al-Ahram.
504 ## - BIBLIOGRAPHY, ETC. NOTE
Bibliography, etc Includes bibliographical references and index.
511 ## - PARTICIPANT OR PERFORMER NOTE
Participant or performer note Catalogued By: Mahitab.
650 #0 - SUBJECT ADDED ENTRY--TOPICAL TERM
Topical term or geographic name as entry element Aerodynamics.
700 1# - ADDED ENTRY--PERSONAL NAME
Personal name Plotkin, Allen.
942 ## - ADDED ENTRY ELEMENTS (KOHA)
Item type Book - Borrowing
Call number prefix 629.1323KAT
Holdings
Withdrawn status Item status Damaged status Not for loan Home library Current library Shelving location Date acquired Source of acquisition Total Checkouts Full call number Barcode Date last seen Date last borrowed Koha item type
        Central Library Central Library First floor 07/11/2013 Purchase 1 629.1323KAT 000007654 15/07/2025 21/02/2016 Book - Borrowing